00315nam a2200109Ia 4500008004100000245006700041260004900108260000900157300001000166500001300176650001600189170224s9999 xx 000 0 und d 4aThe dramaturgical perspective in relation to self and culture. bJournal of Personality and Social Psychology c2014 a107:5 aNovember xPsychology.